| 000 | 01365cab a2200289 4500 | ||
|---|---|---|---|
| 001 | ABS60630 | ||
| 008 | 090401t1999 xxu||||| |||| 00| 0 eng d | ||
| 035 | _a(Sirsi) u93620 | ||
| 041 | _aeng | ||
| 245 | _aDurnford and others v South Gloucestershire DC (formerly Avon CC) | ||
| 260 | _c1999 | ||
| 350 | _a0 | ||
| 490 |
_aRating & Valuation Reporter _v[1999] 39(4) RVR 70-84(15) |
||
| 520 | _aLT 21 August 1998. Properties at Frenchay, Hambrook and Downend. The LT issued a interim decision awarding compensation under Land Compensation Act 1973 part I. The question of costs in two matters remained in dispute: whether or not the council were liable to pay surveyors' fees, and how costs of the references should be borne. Held, the claims for the costs of the references failed, but 90% of Rydes Scale fees were payable with out of pocket expenses prior to the references. | ||
| 650 | _aCOMPENSATION | ||
| 650 | _aCOSTS | ||
| 650 | _aDURNFORD V SOUTH GLOUCESTERSHIRE DC | ||
| 650 | _aDURNSFORD AND OTHERS V SOUTH GLOUCESTERSHIRE DC | ||
| 650 | _aENTITLEMENT | ||
| 650 | _aLAND COMPENSATION ACT 1973 PART I | ||
| 650 | _aLOSS IN VALUE | ||
| 650 | _aRYDE'S SCALE | ||
| 650 | _aSURVEYORS' FEES | ||
| 690 | _aENVIRONMENTAL AND LAND CONSULTANCY-PLANNING AND DEVELOPMENT-COMPULSORY PURCHASE AND COMPENSATION | ||
| 942 | _n0 | ||
| 948 | _c28/05/1999 | ||
| 999 |
_c59334 _d59334 |
||